|
|
|
|
| LEADER |
00000nam a22000005a 4500 |
| 001 |
vtls010535872 |
| 003 |
SK-MaSNL |
| 005 |
20260301214730.0 |
| 008 |
240314s2013 xo o g n 000 d slo |
| 015 |
|
|
|a SNBA2013/09
|
| 020 |
|
|
|a 9788055803760
|q (viaz.)
|
| 035 |
|
|
|a C67C6545-B902-448D-A470-A324D9324406
|
| 035 |
|
|
|a urn:nbn:sk:snk-amkyp4
|
| 035 |
|
|
|a urn:nbn:sk:snk-am008pu4
|
| 040 |
|
|
|a SNK
|b slo
|c SNK
|e AACR2
|
| 041 |
0 |
|
|a slo
|b eng
|
| 043 |
|
|
|a e-xr---
|a e-xr-mr
|
| 044 |
|
|
|a xo
|c SK
|
| 072 |
|
7 |
|a 821.162.4-2
|x Slovenská dráma
|2 konspekt
|
| 080 |
|
|
|a 821.162.4-2
|2 2001
|
| 080 |
|
|
|a (437.32)
|2 2001
|
| 080 |
|
|
|a (0:82-343)
|2 2001
|
| 100 |
1 |
|
|a Civáňová, Slavka,
|d 1979-
|4 aut
|9 211549
|
| 245 |
1 |
0 |
|a Legendy veľkomoravské
|c Slavka Civáňová, Peter Oravec
|
| 260 |
|
|
|a Nitra
|b Univerzita Konštantína Filozofa
|c 2013
|
| 300 |
|
|
|a 125 s.
|b fareb. fotogr.
|c 22 cm
|e 1 DVD
|
| 500 |
|
|
|a Biogr. údaje
|
| 504 |
|
|
|a Bibliogr. s. 125. Bibliogr. odkazy
|
| 546 |
|
|
|a Res. angl.
|
| 651 |
|
7 |
|a Veľká Morava
|2 SNKPH
|9 66060
|
| 651 |
|
7 |
|a Great Moravia
|2 SNKPHeng
|9 282673
|
| 655 |
|
7 |
|a slovenské drámy
|2 SNKPH
|9 70606
|
| 655 |
|
7 |
|a legendy
|2 SNKPH
|9 70589
|
| 655 |
|
7 |
|a Slovak drama
|2 SNKPHeng
|9 278335
|
| 655 |
|
7 |
|a Legends
|2 SNKPHeng
|9 289776
|
| 700 |
1 |
|
|a Oravec, Peter,
|d 1979-
|4 aut
|9 93633
|
| 919 |
|
|
|a 978-80-558-0376-0
|
| 958 |
|
|
|a OND
|
| 958 |
|
|
|a LX
|
| 958 |
|
|
|a NB
|
| 999 |
|
|
|c 925751
|d 927681
|
| 952 |
|
|
|a SNK
|b SNK
|y PREZ
|7 0
|p 17A1081558
|o snkSC 155724
|i snk2013/19140
|8 0
|0 0
|1 0
|4 0
|d 2013-08-16
|f 1
|l 0
|r 2025-07-25 00:00:00
|w 2026-02-24
|
| 952 |
|
|
|a SNK
|b SNK
|y PREZ
|7 0
|p 17A1081559
|o snkSC 155724/príl.
|i snk2013/19140
|8 0
|z Príloha: 1 DVD
|0 0
|1 0
|4 0
|d 2013-08-16
|l 0
|r 2025-07-25 00:00:00
|w 2026-02-24
|
| 952 |
|
|
|a SNK
|b SNK
|y VYP
|7 0
|p 17A1081560
|o snkSC 155724 D1
|i snk2013/19142
|8 0
|0 0
|1 0
|4 0
|d 2013-08-16
|l 0
|r 2026-02-24 08:31:11
|w 2026-02-24
|
| 952 |
|
|
|a SNK
|b SNK
|y PREZ
|7 0
|p 17A1081561
|o snkSC 155724/príl. D1
|i snk2013/19142
|8 0
|z Príloha: 1 DVD
|0 0
|1 0
|4 0
|d 2013-08-16
|l 0
|r 2026-02-24 08:31:11
|w 2026-02-24
|